Creador de fantasmas /

Guardado en:
Autor Principal: Azpiri, Gonzalo
Formato: Libro
Publicado: Buenos Aires : Albatros, 2013
Series:Albatros tus maravillas
Materias:
Etiquetas: Agregar Etiqueta
Sin Etiquetas, Sea el primero en etiquetar este registro!
LEADER 00675nam a22002295a 4500
001 CEM.cems015548
005 20191212161438.0
008 130507s2013##################000#0#####d
003 CEMS
020 |a 9789502413914 
082 0 4 |a A868.4 
100 1 |a Azpiri, Gonzalo 
245 1 0 |a Creador de fantasmas /  |c Gonzalo Azpiri 
260 |a Buenos Aires :  |b Albatros,  |c 2013 
300 |a 48 p. 
490 0 |a Albatros tus maravillas 
653 |a Literatura 
653 |a Literatura argentina 
653 |a Literatura infantil 
653 |a Cuentos infantiles 
653 |a Colección ciencias de la educación 
859 |a CEMS  |b BIB. CEMS - Ccias. Educacion  |h A868.4  |i Az72  |k CE  |p 28978.19  |t Ej.1